Lecciones de lengua castellana : (Record no. 34040)
[ view plain ]
| 000 -CABECERA | |
|---|---|
| campo de control de longitud fija | 00668nam a2200193 a 4500 |
| 005 - FECHA Y HORA DE LA ÚLTIMA TRANSACCIÓN | |
| campo de control | 20240608063649.0 |
| 008 - ELEMENTOS DE LONGITUD FIJA--INFORMACIÓN GENERAL | |
| campo de control de longitud fija | 991125s1898 es 000 0 spa u |
| 035 ## - NÚMERO DE CONTROL DEL SISTEMA | |
| Número de control de sistema | UPN01000034040 |
| 049 ## - COLECCIÓN | |
| Colección | LT |
| 050 #4 - SIGNATURA TOPOGRÁFICA DE LA BIBLIOTECA DEL CONGRESO | |
| Número de clasificación | LB1577 M6 |
| Número de documento/Ítem | B7.4b LM |
| 100 1# - ASIENTO PRINCIPAL--NOMBRE PERSONAL | |
| Nombre de persona | Bruño, G. M. |
| 9 (RLIN) | 30581 |
| 245 10 - MENCIÓN DE TÍTULO | |
| Título | Lecciones de lengua castellana : |
| Resto del título | 1er. año, ó, Curso elemental : libro del maestro / |
| Mención de responsabilidad, etc. | por G. M. Bruño. |
| 260 ## - PUBLICACIÓN, DISTRIBUCIÓN, ETC. | |
| Lugar de publicación, distribución, etc. | Madrid : |
| Nombre del editor, distribuidor, etc. | G. M. Bruño, |
| Fecha de publicación, distribución, etc. | 1898. |
| 300 ## - DESCRIPCIÓN FÍSICA | |
| Extensión | 80 p. |
| 650 #4 - ASIENTO SECUNDARIO DE MATERIA - TERMINO TEMATICO | |
| Término de materia o nombre geográfico como elemento de entrada | Español |
| Subdivisión general | Estudio y enseñanza (Elemental) |
| 9 (RLIN) | 2806 |
| 650 #4 - ASIENTO SECUNDARIO DE MATERIA - TERMINO TEMATICO | |
| Término de materia o nombre geográfico como elemento de entrada | Español |
| Subdivisión general | Gramática |
| -- | Estudio y enseñanza (Elemental) |
| 9 (RLIN) | 13348 |
| 740 0# - ASIENTO SECUNDARIO - TÍTULOS RELACIONADOS /ANALITICOS NO CONTROLADOS | |
| Título relacionado o analítico no controlado | Curso elemental : libro del maestro |
| 905 ## - TIPO DE MATERIAL | |
| Tipo de material | Libro |
| Estado de retiro | Estado de pérdida | Fuente del sistema de clasificación o colocación | Estado dañado | No para préstamo | Código de colección | Localización permanente | Ubicación/localización actual | Ubicación en estantería | Total de préstamos | Clasificación | Código de barras | Fecha visto por última vez | Número de copia | Tipo de ítem Koha |
|---|---|---|---|---|---|---|---|---|---|---|---|---|---|---|
| Library of Congress Classification | Coleccion LT | Libros de texto | Bib. Gregorio Torres Quintero | Bib. Gregorio Torres Quintero | Libros de Texto | LB1577 M6 B7.4b LM | 122082 | 31/12/2020 | 1 | Libro |
